| 000 | 00664nam a2200217Ia 4500 | ||
|---|---|---|---|
| 003 | GCL | ||
| 005 | 20240530095548.0 | ||
| 008 | 140319s9999 xx 000 0 ara d | ||
| 040 |
_aGCL / _cGCL |
||
| 082 | 0 | 4 |
_a001.2 _bط/ع ع |
| 245 | 1 | 0 | _aالعيش معا مع المال |
| 260 |
_aالاردن : _bدار عويدات للنشر والطباعة ، _c2005 |
||
| 300 |
_a53 ص ؛ _c16 سم |
||
| 490 |
_aموسوعة دليل الطفل المواطن _v0 |
||
| 650 | 0 | 4 | _aتعليم الاطفال |
| 650 | 0 | 4 | _aقصص الاطفال |
| 650 | 0 | 4 | _aالاموال |
| 650 | 0 | 4 | _aالدوافع |
| 650 | 0 | 4 | _aالاطفال - اخلاق |
| 942 |
_2ddc _cBK |
||
| 999 |
_c8384 _d8384 |
||